000 nam a22 7a 4500
999 _c9718
_d9718
008 180206b ||||| |||| 00| 0 eng d
100 _aSpyri, J
_95824
245 _aHeidi
260 _aNew york
_bBaronet Book